| 000 | 00670nam a2200265Ia 4500 | ||
|---|---|---|---|
| 008 | 181129s9999 xx 000 0 und d | ||
| 020 | _a9780439376105 | ||
| 050 | _bP639 2003 | ||
| 100 | _aPilkey, Dav | ||
| 245 | 0 | _aCaptain underpants : | |
| 245 | 8 | _band the big, bad battle of the bionic booger boy / | |
| 245 | 0 | _cby Dav Pilkey. | |
| 260 | _aNew York, NY : | ||
| 260 | _bScholastic, | ||
| 260 | _c2003 | ||
| 300 | _a173 pages : | ||
| 300 | _billustrations ; | ||
| 300 | _c19cm. | ||
| 500 | _a850L | ||
| 650 | _aComic books, strips, etc. | ||
| 650 | _aHeroes. | ||
| 650 | _aHumorous stories. | ||
| 650 | _aSchool Principals. | ||
| 700 | _aTitle. | ||
| 999 |
_c360105 _d360105 |
||